Problemas monetarios internacionales y nacionales / (Registro nro. 5648)
[ vista simple ]
| 000 -LEADER | |
|---|---|
| fixed length control field | 01030nam a2200253Ia 4500 |
| 003 - CONTROL NUMBER IDENTIFIER | |
| control field | OSt |
| 005 - DATE AND TIME OF LATEST TRANSACTION | |
| control field | 20200620174924.0 |
| 008 - FIXED-LENGTH DATA ELEMENTS--GENERAL INFORMATION | |
| fixed length control field | 191128t1961 sp fr 000 0 spa d |
| 040 ## - CATALOGING SOURCE | |
| Original cataloging agency | CO-JMCR |
| Transcribing agency | CO-JMCR |
| 041 0# - LANGUAGE CODE | |
| Language code of text/sound track or separate title | spa |
| 082 04 - DEWEY DECIMAL CLASSIFICATION NUMBER | |
| Classification number | 332.49045 / |
| Item number | J116p |
| Edition number | 23 |
| 100 1# - MAIN ENTRY--PERSONAL NAME | |
| Personal name | Jacobson, Per, |
| Relator term | autor |
| 9 (RLIN) | 5880 |
| 245 10 - TITLE STATEMENT | |
| Title | Problemas monetarios internacionales y nacionales / |
| Statement of responsibility, etc. | Per Jacobson |
| 260 ## - PUBLICATION, DISTRIBUTION, ETC. | |
| Place of publication, distribution, etc. | Madrid : |
| Name of publisher, distributor, etc. | Tecnos, |
| Date of publication, distribution, etc. | ©1961 |
| 300 ## - PHYSICAL DESCRIPTION | |
| Extent | 282 páginas ; |
| Dimensions | 24 cm. |
| 490 0# - SERIES STATEMENT | |
| Series statement | Colección de Ciencias Sociales ; |
| Volume/sequential designation | 12 |
| 504 ## - BIBLIOGRAPHY, ETC. NOTE | |
| Bibliography, etc. note | Bibliografía a pie de página. |
| 505 0# - FORMATTED CONTENTS NOTE | |
| Formatted contents note | Pronóstico del tipo de interés -- Gastos mundiales de armamentos -- El plan Young y el Banco Internacional de pagos -- Condiciones de recuperación. Comparación de los desarrollos comerciales de Gran Bretaña, Estados Unidos y Suecia |
| 650 14 - SUBJECT ADDED ENTRY--TOPICAL TERM | |
| Topical term or geographic name entry element | Finanzas internacionales |
| 9 (RLIN) | 5881 |
| 650 14 - SUBJECT ADDED ENTRY--TOPICAL TERM | |
| Topical term or geographic name entry element | Crisis monetaria |
| 9 (RLIN) | 5882 |
| 650 14 - SUBJECT ADDED ENTRY--TOPICAL TERM | |
| Topical term or geographic name entry element | Economía internacional |
| 9 (RLIN) | 2221 |
| 650 14 - SUBJECT ADDED ENTRY--TOPICAL TERM | |
| Topical term or geographic name entry element | Relaciones monetarias internacionales |
| 9 (RLIN) | 5883 |
| 942 ## - ADDED ENTRY ELEMENTS (KOHA) | |
| Source of classification or shelving scheme | Dewey Decimal Classification |
| Koha item type | Books |
| Withdrawn status | Lost status | Source of classification or shelving scheme | Damaged status | Not for loan | Collection code | Home library | Current library | Date acquired | Source of acquisition | Cost, normal purchase price | Total Checkouts | Full call number | Barcode | Date last seen | Copy number | Koha item type |
|---|---|---|---|---|---|---|---|---|---|---|---|---|---|---|---|---|
| Dewey Decimal Classification | Non-fiction | Biblioteca Pública José María del Castillo y Rada | Biblioteca Pública José María del Castillo y Rada | 04/15/2018 | Donación | 0.00 | 332.49045 / J116p | 430002784 | 05/16/2024 | Ej.1 | Books |